000 01053nmc a2200265 a 4500
003 AR-BaBNM
005 20251128203856.0
008 126019s1968 ||||||||||||||000 | spa||
040 _cAR-BaBNM
100 1 _aSpeakman, Cummins E
245 1 0 _aIntercambio educativo internacional
260 _aBuenos Aires
_bCentro Regional de Ayuda Técnica. Agencia para el Desarrollo Internacional
_bTroquel
_c1968
300 0 _a150 p.
490 0 _aBiblioteca de la nueva educación
500 1 _aLa presente edición es obra del Centro Regional de Ayuda Técnica, Agencia para el Desarrollo Internacional, Departamento de Estado del Gobierno de los Estados Unidos de América. El Centro es una organización dedicada a la producción de versiones en españo
504 _aBibliografía: p. 139-141
650 4 _aESTUDIANTES EXTRANJEROS
650 4 _aINTERCAMBIO CULTURAL
650 4 _aRELACIONES CULTURALES
650 4 _aEDUCACION
700 1 _aDuggan, Carolina
_etraductor
700 1 _aOlds, Glenn A.
_eprologuista
942 _cBK
998 _cSILVI
999 _c5288
_d5288